| 000 | 00627nam a2200265Ia 4500 | ||
|---|---|---|---|
| 005 | 20260306163627.0 | ||
| 008 | 008 260114s9999 xx 000 0 eng d | ||
| 020 | _a9780231544603 | ||
| 037 | _aEBOOK | ||
| 040 | _aCRL | ||
| 040 | _beng | ||
| 040 | _cCRL | ||
| 041 | _2eng | ||
| 041 | _aeng | ||
| 084 | _qCRL | ||
| 100 | _aKane | ||
| 245 | 0 | _aDo You Have A Band?: Poetry And Punk Rock In New York City | |
| 260 | _bColumbia University Press | ||
| 260 | _c2019 | ||
| 650 | _aSocial Work | ||
| 856 | _uhttps://academic.oup.com/book/30681 | ||
| 942 | _cEBOOK | ||
| 999 |
_c1710856 _d1710856 |
||